| 000 | 00994cam a2200313 i 4500 | ||
|---|---|---|---|
| 001 | 346307 | ||
| 003 | SISC | ||
| 005 | 20160301144919.0 | ||
| 008 | 761228s1977 nyufh 000 0aeng | ||
| 010 | _a 76047248 | ||
| 020 |
_a0060804645 _c$8.95 |
||
| 040 |
_aDLC _cDLC _dDLC |
||
| 050 | 0 | 0 |
_aPS3545.R815 _bZ498 1977 |
| 082 | 0 | 0 |
_aHS 920.813 _aW93 1977 |
| 100 | 1 |
_aWright, Richard, _d1908-1960. _913199 |
|
| 245 | 1 | 0 |
_aAmerican hunger / _cRichard Wright ; afterword by Michel Fabre. |
| 250 | _a1st ed. | ||
| 260 |
_aNew York : _bHarper & Row, _cc1977. |
||
| 300 |
_a146 p., [1] leaf of plate : _bfacsim ; _c22 cm. |
||
| 500 | _aAutobiographical. | ||
| 500 | _aContinues Black boy. | ||
| 526 | _c1000L to 1310L | ||
| 600 | 1 | 0 |
_aWright, Richard, _d1908-1960. _913200 |
| 650 | 0 |
_aAuthors, American _y20th century _vBiography. _913201 |
|
| 650 | 0 |
_aAfrican Americans _xSocial conditions. _913202 |
|
| 906 |
_a7 _bcbc _corignew _d1 _eocip _f19 _gy-gencatlg |
||
| 942 |
_2lcc _cBK |
||
| 999 |
_c9317 _d9317 |
||